ARRUPE JESUIT UNIVERSITY

CORONAVIRUS -STOP THE SPREAD - CLEAN,DISINFECT,COVER

Rethinking social history, (Record no. 131821)

MARC details
000 -LEADER
fixed length control field 00538nam a22001577a 4500
008 - FIXED-LENGTH DATA ELEMENTS--GENERAL INFORMATION
fixed length control field 240306b |||||||| |||| 00| 0 eng d
020 ## - INTERNATIONAL STANDARD BOOK NUMBER
International Standard Book Number 0719035252.
050 ## - LIBRARY OF CONGRESS CALL NUMBER
Classification number HN398.E5 R44 1993
100 ## - MAIN ENTRY--PERSONAL NAME
Personal name Wilson , Adrian
9 (RLIN) 52505
245 ## - TITLE STATEMENT
Title Rethinking social history,
Remainder of title english society 1570-1920 and its interpretation.
Statement of responsibility, etc Adrian Wilson
260 ## - PUBLICATION, DISTRIBUTION, ETC. (IMPRINT)
Place of publication, distribution, etc New York:
Name of publisher, distributor, etc Manchester University Press,
Date of publication, distribution, etc 1993.
300 ## - PHYSICAL DESCRIPTION
Extent ix;
Other physical details 342p,
Dimensions 23cm.
650 ## - SUBJECT ADDED ENTRY--TOPICAL TERM
Topical term or geographic name as entry element England,
Form subdivision social conditions
9 (RLIN) 52506
650 ## - SUBJECT ADDED ENTRY--TOPICAL TERM
Topical term or geographic name as entry element social history
9 (RLIN) 39437
942 ## - ADDED ENTRY ELEMENTS (KOHA)
Source of classification or shelving scheme Library of Congress Classification
Item type Monograph ( Printed materials)
Holdings
Withdrawn status Lost status Source of classification or shelving scheme Damaged status Not for loan Home library Current library Shelving location Date acquired Total Checkouts Full call number Barcode Date last seen Price effective from Koha item type
    Library of Congress Classification     ARRUPE LIBRARY ARRUPE LIBRARY Main Collection 06/03/2024   HN398.E5 R44 1993 46600009174 06/03/2024 06/03/2024 Monograph ( Printed materials)

 

Arrupe Library. PO Box MP320 Mt Pleasant, Harare, Zimbabwe
263 242 745411|librarian@aju.ac.zw